000 01166nam0a22002651 4500
001 rc\2763253
005 20250529153113.0
035 _a(NLR Aleph) 006889794
090 _a7134501
_c7134501
100 _a20110915d1940 |||y0rusy50 ca
101 0 _arus
102 _aRU
105 _ay z |||||
200 1 _aСтопудовые урожаи зерновых
_eОпыт передовиков колх. и совх. полей Орл. обл. участников Всес. с.-х. выставки
_fВ. С. Никонов, Н. А. Нечипоренко, Я. Г. Рубанов, С. К. Войлоков
210 _aОрел
_cИзд-во Обл. совета депутатов трудящихся
_d1940
215 _a32 с.
_d19 см.
300 _aНа тит. л. авторы: В. С. Никонов, Н. А. Нечипоренко, Я. Г. Рубанов, С. К. Войлоков
702 1 _aНечипоренко
_bН.А.
_4570
702 1 _aРубанов
_bЯ.Г.
_4570
702 1 _aНиконов
_bВ.С.
_4570
702 1 _aВойлоков
_bС.В.
_4570
801 0 _aRU
_bNLR
_gpsbo
801 1 _aRU
_bELAR
_2rusmarc
942 _cBOOK
980 _aNB